| 000 | 00468nam a22001697a 4500 | ||
|---|---|---|---|
| 003 | OSt | ||
| 005 | 20120302151401.0 | ||
| 008 | 091104t xxu||||| |||| 00| 0 eng d | ||
| 035 | _a१६१५८ | ||
| 040 | _cमराठी | ||
| 100 |
_aसुलाखे,अनंत _99670 |
||
| 222 | _aवाद्य | ||
| 245 | _aभारतीय वाद्ये | ||
| 260 |
_aपुणे _bजयदीप |
||
| 300 | _b३० पाने | ||
| 942 |
_2ddc _cBOOK |
||
| 999 |
_c494438 _d494435 |
||